| 000 | 01217njm a22003017a 4500 | ||
|---|---|---|---|
| 005 | 20100913120432.0 | ||
| 006 | a|||||r|||||00| 0 | ||
| 007 | sd ammalaaahaa | ||
| 008 | 100910t xxu||||| |||| 00| 0 eng d | ||
| 028 |
_aTAE. 1466 _bAngel Records |
||
| 035 | _aGR-02190 | ||
| 040 |
_aSED _cSED |
||
| 100 |
_aKapoor, Mahendra _919365 |
||
| 245 |
_aSambandh / _csung by Mahendra [and] Asha Bhosle; Music by O.P. Nayyar ; Lyrics by Pradeep _h[sound recording] : |
||
| 246 | _aसंबंद / | ||
| 260 |
_aDum Dum, India _bAngle Records _c1968 |
||
| 300 |
_a1 sound disc [Gramophone Recording] : _banalog, 33 1/3 rpm ; _c7.5 in. (SP) _fGramaphone Records |
||
| 500 | _aBrief records | ||
| 500 | _aRecord Lables : Angel Records, Brown | ||
| 505 | _aSide 1 चल अकेला (Chal Akela) (Mukesh),--Side-2 अंधेरे में जो बात हैं (Adhere Main Jo Bathe Hai ) ( Mahendra Kapoor) | ||
| 600 |
_aMukesh _919611 |
||
| 650 |
_2Excerpts. _aClassical Music _bIndia _919366 |
||
| 700 |
_aBhosle, Asha _919701 |
||
| 700 |
_aNayyar, O.P. _919702 |
||
| 700 |
_aPradeep _919703 |
||
| 942 |
_2ddc _cGR |
||
| 999 |
_c45365 _d45365 |
||